[Event "3rd ch-GER Internet Blitz Candidates"]
[Site "playchess INT"]
[Date "2005.04.02"]
[Round "7"]
[White "Kopylov, M."]
[Black "Enzmann, S."]
[Result "1-0"]
[WhiteElo "2430"]
[BlackElo "2204"]
[PlyCount "65"]
[EventDate "2005.04.02"]
[EventType "swiss (blitz)"]
[EventRounds "15"]
[Source "Mark Crowther"]
[SourceDate "2005.04.04"]

1. d4 Nf6 2. c4 e5 3. dxe5 Ne4 4. Nf3 Nc6 5. Nbd2 Nc5 6. g3 d6 7. exd6 Bxd6 8.
Bg2 O-O 9. O-O Qf6 10. Nb3 Be6 11. Be3 Nxb3 12. axb3 Ne5 13. Nxe5 Bxe5 14. Bxb7
Rab8 15. Rxa7 Rfd8 16. Qc2 Bd4 17. Bxd4 Qxd4 18. Rfa1 g6 19. Bf3 Bf5 20. Qc3
Qxc3 21. bxc3 Rxb3 22. Rxc7 Rxc3 23. Kg2 h5 24. h4 Kg7 25. c5 Rc2 26. c6 Rdd2
27. Raa7 Be6 28. Rcb7 Rc1 29. Ra6 Rdd1 30. c7 Rg1+ 31. Kh2 Rgf1 32. Rxe6 Rxf2+
33. Kh3 1-0

[Event "3rd ch-GER Internet Blitz Candidates"]
[Site "playchess INT"]
[Date "2005.04.02"]
[Round "7"]
[White "Feuerstack, A."]
[Black "Gaede, D."]
[Result "0-1"]
[WhiteElo "2224"]
[BlackElo "2194"]
[PlyCount "52"]
[EventDate "2005.04.02"]
[EventType "swiss (blitz)"]
[EventRounds "15"]
[Source "Mark Crowther"]
[SourceDate "2005.04.04"]

1. e4 e6 2. d4 d5 3. Nd2 Nf6 4. e5 Nfd7 5. f4 c5 6. c3 Nc6 7. Ndf3 cxd4 8. cxd4
f6 9. Ne2 Bb4+ 10. Nc3 O-O 11. a3 Be7 12. Bd3 Qb6 13. h4 fxe5 14. dxe5 Nc5 15.
Bxh7+ Kxh7 16. Ng5+ Kg8 17. Qh5 Bxg5 18. hxg5 Nd3+ 19. Ke2 Nxf4+ 20. Bxf4 Qxb2+
21. Kd3 b6 22. Bd2 Nxe5+ 23. Kd4 Qxd2+ 24. Kxe5 Qxc3+ 25. Kd6 Qc5+ 26. Ke5 Rf5#
0-1

[Event "3rd ch-GER Internet Blitz Candidates"]
[Site "playchess INT"]
[Date "2005.04.02"]
[Round "7"]
[White "Brener, I."]
[Black "Krivoshey, S."]
[Result "0-1"]
[WhiteElo "2321"]
[BlackElo "2487"]
[PlyCount "98"]
[EventDate "2005.04.02"]
[EventType "swiss (blitz)"]
[EventRounds "15"]
[Source "Mark Crowther"]
[SourceDate "2005.04.04"]

1. e4 d5 2. exd5 Nf6 3. Nc3 Nxd5 4. Bc4 Nb6 5. Bb3 c5 6. d3 Bf5 7. Qf3 Qd7 8.
Bxf7+ Kxf7 9. g4 e6 10. gxf5 exf5 11. Be3 Nc6 12. Nge2 Nd4 13. Bxd4 cxd4 14.
Nd1 g6 15. c3 Bg7 16. O-O Rhe8 17. Nxd4 Bxd4 18. cxd4 Qd5 19. Qxd5+ Nxd5 20.
Nc3 Nf4 21. d5 Rad8 22. Rad1 Nxd5 23. d4 Nxc3 24. bxc3 Re2 25. a3 Rc8 26. Rd3
Ra2 27. d5 Rxa3 28. d6 Rcxc3 29. Rdd1 Rd3 30. Rc1 Rxd6 31. Rc7+ Kf6 32. Rxb7 h6
33. Rc1 Kg5 34. Rc4 Ra2 35. h4+ Kh5 36. Rf4 Re6 37. Kg2 a5 38. Ra7 Re4 39. Rxe4
fxe4 40. Kg3 Ra3+ 41. Kf4 Rf3+ 42. Kxe4 Rxf2 43. Rxa5+ Kxh4 44. Ke3 Rf1 45. Ke2
Rf6 46. Ra1 h5 47. Rh1+ Kg5 48. Rg1+ Kh6 49. Ke3 g5 0-1

[Event "3rd ch-GER Internet Blitz Candidates"]
[Site "playchess INT"]
[Date "2005.04.02"]
[Round "7"]
[White "Polaczek, R."]
[Black "Lentrodt, T."]
[Result "1-0"]
[WhiteElo "2426"]
[BlackElo "2292"]
[PlyCount "75"]
[EventDate "2005.04.02"]
[EventType "swiss (blitz)"]
[EventRounds "15"]
[Source "Mark Crowther"]
[SourceDate "2005.04.04"]

1. d4 f5 2. g3 Nf6 3. Bg2 g6 4. Nf3 Bg7 5. b4 O-O 6. Bb2 d6 7. c4 h6 8. O-O g5
9. Qb3 Be6 10. d5 Bf7 11. Nd4 f4 12. Nf5 Nbd7 13. Nc3 Ne5 14. Nxg7 Kxg7 15. Ne4
Bg6 16. Nxf6 exf6 17. c5 h5 18. Rac1 Rf7 19. Bd4 Bf5 20. Qc3 Qh8 21. e4 Bg6 22.
gxf4 gxf4 23. f3 Rg8 24. Kh1 Qh6 25. Bh3 Re7 26. cxd6 cxd6 27. Be6 Rf8 28. Rg1
Kh8 29. Rg2 h4 30. Rcg1 h3 31. Rxg6 Nxg6 32. Bxf6+ Rxf6 33. Qxf6+ Rg7 34. Qd8+
Kh7 35. Bf5 Qh5 36. Rg4 Rg8 37. Bxg6+ Rxg6 38. Rh4 1-0

[Event "3rd ch-GER Internet Blitz Candidates"]
[Site "playchess INT"]
[Date "2005.04.02"]
[Round "7"]
[White "Margoline, B."]
[Black "Berelovich, A."]
[Result "1-0"]
[WhiteElo "2427"]
[BlackElo "2542"]
[PlyCount "107"]
[EventDate "2005.04.02"]
[EventType "swiss (blitz)"]
[EventRounds "15"]
[Source "Mark Crowther"]
[SourceDate "2005.04.04"]

1. e4 e6 2. d4 d5 3. e5 c5 4. c3 Nc6 5. Nf3 Nge7 6. Na3 cxd4 7. cxd4 Nf5 8. Nc2
Nb4 9. Nxb4 Bxb4+ 10. Bd2 Bxd2+ 11. Qxd2 Bd7 12. Bd3 Qb6 13. Bxf5 exf5 14. O-O
O-O 15. Rfc1 Rac8 16. Rxc8 Rxc8 17. Rc1 Rc6 18. Rxc6 Qxc6 19. h4 h6 20. a3 b6
21. g3 Qc4 22. Ne1 Bb5 23. Ng2 Qf1+ 24. Kh2 Be2 25. Qe1 Kf8 26. Qxf1 Bxf1 27.
Ne3 Bd3 28. Nxd5 Ke8 29. Nc3 Kd7 30. f3 Kc6 31. b4 a5 32. Kg2 axb4 33. axb4 g5
34. hxg5 hxg5 35. d5+ Kd7 36. f4 gxf4 37. gxf4 Ke7 38. Kf2 Kd7 39. Ke3 Bf1 40.
Kd4 Kc7 41. Nd1 Bg2 42. Ne3 Be4 43. Nf1 Bc2 44. Ng3 Bb1 45. Nh1 Be4 46. Nf2 Bc2
47. Nh3 Kd7 48. Ng5 Ke7 49. d6+ Ke8 50. Kd5 Kd7 51. Kc4 f6 52. exf6 Kxd6 53. f7
Ke7 54. Kb5 1-0

[Event "3rd ch-GER Internet Blitz Candidates"]
[Site "playchess INT"]
[Date "2005.04.02"]
[Round "7"]
[White "Haba, P."]
[Black "Zumsande, M."]
[Result "1-0"]
[WhiteElo "2525"]
[BlackElo "2381"]
[PlyCount "63"]
[EventDate "2005.04.02"]
[EventType "swiss (blitz)"]
[EventRounds "15"]
[Source "Mark Crowther"]
[SourceDate "2005.04.04"]

1. d4 e6 2. e4 d5 3. e5 c5 4. c3 Qb6 5. Nf3 Nc6 6. a3 c4 7. Nbd2 f6 8. Nh4 g6
9. f4 Be7 10. Nhf3 Nh6 11. exf6 Bxf6 12. Ne5 O-O 13. Ndf3 Nf5 14. Qe2 Nxe5 15.
fxe5 Be7 16. g3 Bd7 17. Bg2 Ba4 18. O-O Rf7 19. Bg5 Raf8 20. Bxe7 Nxe7 21. Ng5
Rf5 22. h4 h6 23. Nh3 Kg7 24. Nf4 g5 25. hxg5 hxg5 26. Nh5+ Kg6 27. Nf6 Rh8 28.
g4 Rxf1+ 29. Rxf1 Qb3 30. Nh5 Ng8 31. Qf3 Rh7 32. Qf8 1-0

[Event "3rd ch-GER Internet Blitz Candidates"]
[Site "playchess INT"]
[Date "2005.04.02"]
[Round "7"]
[White "Heyken, E."]
[Black "Kostic, Vl"]
[Result "0-1"]
[WhiteElo "2331"]
[BlackElo "2439"]
[PlyCount "92"]
[EventDate "2005.04.02"]
[EventType "swiss (blitz)"]
[EventRounds "15"]
[Source "Mark Crowther"]
[SourceDate "2005.04.04"]

1. d4 d5 2. Bg5 Bf5 3. Nf3 c6 4. c3 Qb6 5. Qb3 Nd7 6. Nbd2 e6 7. e3 Ngf6 8. Nh4
Bg6 9. Nxg6 hxg6 10. Bd3 Bd6 11. h3 Qxb3 12. axb3 a6 13. b4 O-O 14. Nb3 Bc7 15.
Nc5 Nxc5 16. bxc5 Rfe8 17. Bxf6 gxf6 18. h4 Kg7 19. Ra4 e5 20. Kd2 exd4 21.
cxd4 f5 22. Rha1 f4 23. Rb4 fxe3+ 24. fxe3 Rab8 25. Be2 Re7 26. Rb3 Bg3 27. h5
f5 28. hxg6 Kxg6 29. Rh1 f4 30. Bd3+ Kg5 31. exf4+ Bxf4+ 32. Kc2 Be3 33. Kc3
Bf2 34. Rh7 Rxh7 35. Bxh7 a5 36. Bd3 Be1+ 37. Kc2 Bb4 38. Be2 Kf4 39. Rh3 Rg8
40. Bf3 Rg7 41. Kd3 Re7 42. Bh5 Re1 43. Rf3+ Kg5 44. Bf7 Rd1+ 45. Kc2 Rxd4 46.
Be6 Bxc5 0-1

[Event "3rd ch-GER Internet Blitz Candidates"]
[Site "playchess INT"]
[Date "2005.04.02"]
[Round "7"]
[White "Buscher, M."]
[Black "Junge, Ka"]
[Result "1-0"]
[WhiteElo "2305"]
[BlackElo "2256"]
[PlyCount "109"]
[EventDate "2005.04.02"]
[EventType "swiss (blitz)"]
[EventRounds "15"]
[Source "Mark Crowther"]
[SourceDate "2005.04.04"]

1. e4 Nf6 2. e5 Nd5 3. d4 d6 4. Nf3 Bg4 5. Be2 e6 6. h3 Bh5 7. O-O Nb6 8. exd6
cxd6 9. c4 Be7 10. Nc3 O-O 11. Be3 d5 12. c5 Bxf3 13. gxf3 Nc8 14. f4 Nc6 15.
Bd3 g6 16. Kh2 Bf6 17. Bb1 N8e7 18. Rg1 Kh8 19. a3 Nf5 20. Bxf5 gxf5 21. b4 Qe7
22. b5 Na5 23. Qd3 Nc4 24. a4 Rg8 25. Ne2 Bh4 26. Rxg8+ Rxg8 27. Rg1 Rg6 28.
Rxg6 hxg6 29. Ng1 Bf6 30. Nf3 Kg7 31. Ne5 Bxe5 32. dxe5 Qd7 33. Bd4 a6 34. Qb3
axb5 35. axb5 Qc7 36. Qa4 Nd2 37. Kg2 Nc4 38. Qa7 Qc8 39. c6 bxc6 40. b6 Nxb6
41. Qxb6 Qa8 42. Bc5 Qa4 43. Qd8 Qe4+ 44. Kg3 Qd3+ 45. f3 Qc3 46. Qf8+ Kh7 47.
Qxf7+ Kh8 48. Qf8+ Kh7 49. Kh4 Qxf3 50. Kg5 Qxh3 51. Qf7+ Kh8 52. Kxg6 Qg4+ 53.
Kf6 Qh4+ 54. Kxe6 Qxf4 55. Be7 1-0

[Event "3rd ch-GER Internet Blitz Candidates"]
[Site "playchess INT"]
[Date "2005.04.02"]
[Round "7"]
[White "Hoffmann, L."]
[Black "Phildius, B."]
[Result "0-1"]
[WhiteElo "2157"]
[BlackElo "2312"]
[PlyCount "100"]
[EventDate "2005.04.02"]
[EventType "swiss (blitz)"]
[EventRounds "15"]
[Source "Mark Crowther"]
[SourceDate "2005.04.04"]

1. e4 d6 2. d4 h6 3. Nf3 g5 4. Bd3 Bg7 5. c3 Nc6 6. Be3 Bg4 7. Nbd2 e5 8. d5
Nce7 9. h3 Bd7 10. g4 Ng6 11. Nf1 Nf4 12. Ng3 Ne7 13. Bxf4 exf4 14. Nf5 Nxf5
15. exf5 Qe7+ 16. Qe2 Qxe2+ 17. Kxe2 Bf6 18. Nd2 O-O-O 19. Ne4 Be5 20. b3 f6
21. Rac1 h5 22. Kf3 Rh7 23. Be2 Rdh8 24. Kg2 c5 25. c4 Kc7 26. Bf3 a6 27. Rb1
hxg4 28. hxg4 Rxh1 29. Rxh1 Rxh1 30. Kxh1 b5 31. Kg2 Kb6 32. Kf1 Ka5 33. Bd1
bxc4 34. bxc4 Kb4 35. Nd2 Kc3 36. Ke2 Kb2 37. Bb3 a5 38. a4 Bc3 39. Bd1 Bxd2
40. Kxd2 Ka3 41. Kc3 f3 42. Bxf3 Bxa4 43. Be2 Bb3 44. Bd3 a4 45. f4 gxf4 46. g5
fxg5 47. f6 g4 48. f7 g3 49. Be4 f3 50. f8=Q Bxc4 0-1

[Event "3rd ch-GER Internet Blitz Candidates"]
[Site "playchess INT"]
[Date "2005.04.02"]
[Round "7"]
[White "Rachut, S."]
[Black "Heimann, A."]
[Result "1-0"]
[WhiteElo "2068"]
[BlackElo "2095"]
[PlyCount "63"]
[EventDate "2005.04.02"]
[EventType "swiss (blitz)"]
[EventRounds "15"]
[Source "Mark Crowther"]
[SourceDate "2005.04.04"]

1. e4 e5 2. d4 exd4 3. Qxd4 Nc6 4. Qe3 Nf6 5. Nc3 Bb4 6. Bd2 O-O 7. O-O-O Re8
8. Qg3 Rxe4 9. Bd3 Re8 10. f4 d5 11. a3 Ba5 12. Nf3 Ne7 13. Ne5 Bf5 14. Rhe1 c6
15. Kb1 Bxd3 16. Qxd3 Ng6 17. g3 Qc7 18. Nf3 Bxc3 19. Bxc3 Ne4 20. Bd4 b6 21.
h4 Nxg3 22. Ne5 Nh5 23. f5 Nxe5 24. Qc3 f6 25. Rg1 c5 26. Bf2 d4 27. Qd2 Qd6
28. Qh6 Ng4 29. Rxg4 g6 30. fxg6 Ng7 31. gxh7+ Kf8 32. Qxg7# 1-0

[Event "3rd ch-GER Internet Blitz Candidates"]
[Site "playchess INT"]
[Date "2005.04.02"]
[Round "7"]
[White "Fridman, D2."]
[Black "Renner, Christo"]
[Result "1-0"]
[WhiteElo "2569"]
[BlackElo "2398"]
[PlyCount "75"]
[EventDate "2005.04.02"]
[EventType "swiss (blitz)"]
[EventRounds "15"]
[Source "Mark Crowther"]
[SourceDate "2005.04.04"]

1. d4 f5 2. g3 Nf6 3. Bg2 g6 4. Nh3 Bg7 5. Nf4 d6 6. d5 c6 7. c4 O-O 8. h4 e5
9. dxe6 Na6 10. h5 g5 11. h6 Bh8 12. Nh3 g4 13. Ng5 Qe7 14. Bf4 Ne8 15. Nc3 Bf6
16. Qd2 Bxe6 17. Nxe6 Qxe6 18. Nd5 Bh8 19. Rh5 Rf7 20. Ne3 Nc5 21. Qc2 Ne4 22.
Rxf5 Rxf5 23. Nxf5 d5 24. Ne3 N8d6 25. O-O-O Nxf2 26. cxd5 Qf6 27. dxc6 Nxd1
28. cxb7 Nxb7 29. Bd5+ Kf8 30. Nxd1 Rd8 31. Bxb7 Qe6 32. Be4 Bf6 33. Bxh7 Qxa2
34. Qc5+ Kf7 35. Qc7+ Ke6 36. Bd3 Qa1+ 37. Kd2 Qa5+ 38. Qxa5 1-0

[Event "3rd ch-GER Internet Blitz Candidates"]
[Site "playchess INT"]
[Date "2005.04.02"]
[Round "7"]
[White "Koepke, C."]
[Black "Wornath, K."]
[Result "0-1"]
[WhiteElo "2226"]
[BlackElo "2388"]
[PlyCount "152"]
[EventDate "2005.04.02"]
[EventType "swiss (blitz)"]
[EventRounds "15"]
[Source "Mark Crowther"]
[SourceDate "2005.04.04"]

1. d4 d5 2. Nf3 c6 3. e3 Bg4 4. c4 e6 5. h3 Bxf3 6. Qxf3 Nf6 7. Bd3 Bb4+ 8. Bd2
Bxd2+ 9. Nxd2 Qb6 10. b3 Qa5 11. Qe2 Na6 12. O-O O-O 13. e4 dxe4 14. Nxe4 Nxe4
15. Qxe4 g6 16. a3 Rad8 17. Bc2 Qc3 18. Rfd1 Rd7 19. Qd3 Qxd3 20. Rxd3 Rfd8 21.
Rad1 Nc7 22. b4 b5 23. Bb3 bxc4 24. Bxc4 Kg7 25. Kf1 Nb5 26. Bxb5 cxb5 27. Ke2
Rd5 28. Ke3 f5 29. g3 Kf6 30. Rc1 a5 31. Rc7 axb4 32. axb4 h6 33. Rh7 h5 34. h4
Rc8 35. Ra7 Rc4 36. Rb7 Rxb4 37. Ra3 Rbxd4 38. Raa7 b4 39. f4 e5 40. Ra6+ Rd6
41. Rxd6+ Rxd6 42. fxe5+ Kxe5 43. Rxb4 Rc6 44. Rb5+ Ke6 45. Rb3 Rc4 46. Kf3 Rg4
47. Rb5 Kf6 48. Rb6+ Kg7 49. Rb5 f4 50. gxf4 Rxh4 51. f5 g5 52. Rb6 Rf4+ 53.
Kg3 Rxf5 54. Rb7+ Kg6 55. Rb6+ Rf6 56. Rb8 h4+ 57. Kh3 Rf3+ 58. Kg2 Rg3+ 59.
Kh2 Kh5 60. Rb5 Ra3 61. Rc5 Rf3 62. Rb5 Kg4 63. Rb4+ Rf4 64. Rb5 Rf2+ 65. Kg1
Rc2 66. Rb4+ Kh5 67. Rb3 g4 68. Rb5+ Kg6 69. Rb6+ Kf5 70. Rb5+ Kf6 71. Rb6+ Ke5
72. Rb5+ Ke4 73. Rb4+ Kf3 74. Rb3+ Ke2 75. Rb4 g3 76. Rxh4 Kf3 0-1

[Event "3rd ch-GER Internet Blitz Candidates"]
[Site "playchess INT"]
[Date "2005.04.02"]
[Round "7"]
[White "Muse, D."]
[Black "Seel, C."]
[Result "1-0"]
[WhiteElo "2418"]
[BlackElo "2477"]
[PlyCount "93"]
[EventDate "2005.04.02"]
[EventType "swiss (blitz)"]
[EventRounds "15"]
[Source "Mark Crowther"]
[SourceDate "2005.04.04"]

1. d4 Nf6 2. Nf3 g6 3. g3 Bg7 4. Bg2 O-O 5. O-O d5 6. c4 dxc4 7. Na3 Nc6 8.
Nxc4 Be6 9. Nce5 Bd5 10. b3 Nxe5 11. dxe5 Ng4 12. Bb2 c6 13. Re1 Qc7 14. e4 Be6
15. Ng5 Nxe5 16. Nxe6 fxe6 17. f4 Nf3+ 18. Qxf3 Bxb2 19. Rad1 e5 20. f5 Rad8
21. h4 e6 22. Bh3 Rxd1 23. Rxd1 Bd4+ 24. Kh2 exf5 25. exf5 Qe7 26. Qe4 gxf5 27.
Bxf5 Rf7 28. Rf1 Kh8 29. Kh3 a5 30. a4 Rf6 31. Rf3 h6 32. Qg4 Qg7 33. Qh5 Qf7
34. Qg4 b5 35. Qe4 Qd5 36. Qg4 Qf7 37. axb5 cxb5 38. Qe4 Kg7 39. g4 a4 40. bxa4
bxa4 41. Kg3 Qc7 42. g5 hxg5 43. hxg5 Rb6 44. Kg4 Rb2 45. Rh3 Qc1 46. Rh7+ Kf8
47. Qa8+ 1-0

[Event "3rd ch-GER Internet Blitz Candidates"]
[Site "playchess INT"]
[Date "2005.04.02"]
[Round "7"]
[White "Schoeneberg, M."]
[Black "Zwahr, P."]
[Result "0-1"]
[WhiteElo "2326"]
[BlackElo "2104"]
[PlyCount "124"]
[EventDate "2005.04.02"]
[EventType "swiss (blitz)"]
[EventRounds "15"]
[Source "Mark Crowther"]
[SourceDate "2005.04.04"]

1. e4 c5 2. Nf3 e6 3. b3 b6 4. Bb2 Bb7 5. Nc3 d6 6. d4 cxd4 7. Nxd4 Nf6 8. Bd3
a6 9. O-O Nbd7 10. a4 Be7 11. Re1 O-O 12. Nde2 Rc8 13. Ng3 Rc7 14. Qe2 Qa8 15.
f4 Rfc8 16. e5 Ne8 17. exd6 Bxd6 18. Nce4 Bxf4 19. Rf1 e5 20. Nf5 Rxc2 21. Bxc2
Rxc2 22. Qxc2 Bxe4 23. Qc8 Qxc8 24. Ne7+ Kf8 25. Nxc8 Bb7 26. Ba3+ Kg8 27. Ne7+
Kh8 28. Rfd1 Ndf6 29. Rd8 h6 30. Nf5 Kh7 31. Nd6 Nxd6 32. Bxd6 Bd5 33. b4 Ne4
34. Bxe5 Bxe5 35. Rxd5 Bxa1 36. b5 a5 37. g3 Nf6 38. Rd6 Ne4 39. Rd7 Kg6 40.
Kg2 Nc5 41. Rd6+ Kf5 42. Rxb6 Nxa4 43. Ra6 Bc3 44. b6 Nc5 45. Ra7 Ke6 46. b7
Be5 47. Rxa5 Nxb7 48. Ra6+ Kf5 49. h3 Nd6 50. Ra7 Ke6 51. Ra6 g6 52. Ra7 Bd4
53. Ra6 f5 54. Kf3 Ke5 55. g4 g5 56. gxf5 Nxf5 57. Ra5+ Kf6 58. Kg4 Ne3+ 59.
Kh5 Bc3 60. Ra6+ Kf5 61. Kxh6 Nd5 62. Rd6 Nf6 0-1

[Event "3rd ch-GER Internet Blitz Candidates"]
[Site "playchess INT"]
[Date "2005.04.02"]
[Round "7"]
[White "Buchenthal, D."]
[Black "Huch, R."]
[Result "0-1"]
[WhiteElo "2258"]
[BlackElo "2325"]
[PlyCount "108"]
[EventDate "2005.04.02"]
[EventType "swiss (blitz)"]
[EventRounds "15"]
[Source "Mark Crowther"]
[SourceDate "2005.04.04"]

1. e4 e6 2. d3 d5 3. Nd2 Nf6 4. Ngf3 dxe4 5. dxe4 Bc5 6. Bd3 Nc6 7. O-O O-O 8.
e5 Ng4 9. Ne4 Be7 10. Bf4 f5 11. exf6 Nxf6 12. Qe2 Nd5 13. Bg3 Bd7 14. Rad1 h6
15. Rfe1 Qe8 16. Ne5 Nxe5 17. Bxe5 Bc6 18. g3 Qf7 19. f4 Bb4 20. c3 Ba5 21. Bc2
Bb6+ 22. Bd4 Rae8 23. Rf1 Ne7 24. Nc5 Nf5 25. Bf2 Qe7 26. b4 Qf6 27. Rd3 Bb5
28. Rfd1 Bxd3 29. Rxd3 e5 30. Nd7 Bxf2+ 31. Qxf2 Qg6 32. Nxf8 Rxf8 33. Rd5 exf4
34. Qxf4 Qb6+ 35. Kg2 Ne3+ 36. Kh3 Rxf4 37. Rd8+ Rf8 38. Bb3+ Kh7 39. Rxf8 Qd6
40. Rf4 Qg6 41. g4 Qg5 42. Kg3 h5 43. h3 Qe5 44. Kf3 hxg4+ 45. hxg4 Nd5 46. Rf5
Qe3+ 47. Kg2 Nf4+ 48. Rxf4 Qxf4 49. Bc2+ Kh6 50. Bf5 Kg5 51. Bc8 Kh4 52. a4 Qe3
53. a5 Qe2+ 54. Kg1 Kg3 0-1

[Event "3rd ch-GER Internet Blitz Candidates"]
[Site "playchess INT"]
[Date "2005.04.02"]
[Round "7"]
[White "Vuckovic, Alek"]
[Black "Gramlich, S."]
[Result "0-1"]
[WhiteElo "2325"]
[BlackElo "2064"]
[PlyCount "122"]
[EventDate "2005.04.02"]
[EventType "swiss (blitz)"]
[EventRounds "15"]
[Source "Mark Crowther"]
[SourceDate "2005.04.04"]

1. e4 d5 2. exd5 Nf6 3. c4 e6 4. dxe6 Bxe6 5. d4 Bb4+ 6. Bd2 Bxd2+ 7. Qxd2 Qe7
8. Qe2 Nc6 9. Nf3 O-O-O 10. d5 Qb4+ 11. Qd2 Rhe8 12. Qxb4 Nxb4 13. Kd2 Ne4+ 14.
Kc1 Nxf2 15. Rg1 Bg4 16. Nbd2 Bf5 17. a3 Nc2 18. Ra2 g5 19. g4 Bg6 20. b4 Ne1
21. Kb2 c6 22. dxc6 Nd1+ 23. Kc1 Nc3 24. Ra1 Nxf3 25. Nxf3 Rd1+ 26. Kb2 Na4+
27. Ka2 Nc3+ 28. Kb2 Rxa1 29. Kxa1 bxc6 30. Kb2 Nd1+ 31. Kc1 Nf2 32. Nxg5 h6
33. Nf3 Re3 34. Nd4 Rxa3 35. Kb2 Re3 36. Nxc6 a6 37. Bg2 Re2+ 38. Kc3 Rc2+ 39.
Kd4 Nxg4 40. Kc5 Ne5 41. Ne7+ Kd7 42. Nxg6 fxg6 43. Rd1+ Ke6 44. Bd5+ Kf6 45.
b5 axb5 46. Kxb5 Rb2+ 47. Kc5 Rxh2 48. Kd6 Nf7+ 49. Bxf7 Kxf7 50. c5 Rc2 51. c6
h5 52. c7 h4 53. Kd7 g5 54. c8=Q Rxc8 55. Kxc8 g4 56. Kd7 Kf6 57. Kd6 Kf5 58.
Kd5 Kf4 59. Kd4 Kf3 60. Rh1 g3 61. Rxh4 g2 0-1

[Event "3rd ch-GER Internet Blitz Candidates"]
[Site "playchess INT"]
[Date "2005.04.02"]
[Round "7"]
[White "Schunk, T1."]
[Black "Ottmann, M."]
[Result "0-1"]
[WhiteElo "2280"]
[BlackElo "2142"]
[PlyCount "124"]
[EventDate "2005.04.02"]
[EventType "swiss (blitz)"]
[EventRounds "15"]
[Source "Mark Crowther"]
[SourceDate "2005.04.04"]

1. e4 e5 2. Nc3 Nf6 3. f4 d6 4. Nf3 Nc6 5. Bb5 exf4 6. d4 Bd7 7. Bxf4 Be7 8.
O-O O-O 9. e5 Nh5 10. exd6 Bxd6 11. Bxd6 cxd6 12. d5 Nb8 13. Nd4 Nf6 14. Qf3
Bxb5 15. Ncxb5 a6 16. Nc3 Nbd7 17. Qg3 Ne5 18. Nf5 g6 19. Nh6+ Kg7 20. Nf5+ Kh8
21. Nh6 Kg7 22. Qg5 Ng8 23. Qxd8 Raxd8 24. Nxg8 Kxg8 25. Ne4 h6 26. Nf6+ Kg7
27. b3 Nd7 28. Ne4 Ne5 29. Nf6 Nd7 30. Ng4 f5 31. Ne3 Rfe8 32. Rfe1 Nf6 33. c4
Re5 34. Nc2 Rde8 35. Kf2 Ng4+ 36. Kg3 Rxe1 37. Rxe1 Rxe1 38. Nxe1 Kf6 39. Nc2
g5 40. Kf3 Nxh2+ 41. Ke3 Ng4+ 42. Kd4 Ke7 43. b4 Nf6 44. c5 h5 45. c6 bxc6 46.
dxc6 h4 47. a4 g4 48. b5 axb5 49. axb5 h3 50. gxh3 gxh3 51. Ne3 Ke6 52. Nf1 Ne4
53. b6 d5 54. b7 Nd2 55. b8=Q Nf3+ 56. Ke3 Ng5 57. Qe8+ Kd6 58. c7 Kc5 59.
c8=Q+ Kb4 60. Qa4+ Kxa4 61. Qb8 Ka5 62. Kd3 Ne4 0-1

[Event "3rd ch-GER Internet Blitz Candidates"]
[Site "playchess INT"]
[Date "2005.04.02"]
[Round "8"]
[White "Reich, T."]
[Black "Buscher, M."]
[Result "1/2-1/2"]
[WhiteElo "2406"]
[BlackElo "2305"]
[PlyCount "51"]
[EventDate "2005.04.02"]
[EventType "swiss (blitz)"]
[EventRounds "15"]
[Source "Mark Crowther"]
[SourceDate "2005.04.04"]

1. d4 Nf6 2. c4 e6 3. Nf3 c5 4. d5 b5 5. Bg5 exd5 6. cxd5 h6 7. Bh4 d6 8. a4 b4
9. e3 Be7 10. Bc4 O-O 11. Nbd2 Nbd7 12. O-O Nb6 13. Bxf6 Bxf6 14. Rb1 Bb7 15.
e4 Nxc4 16. Nxc4 Ba6 17. Nfd2 Re8 18. Re1 Bd4 19. Qf3 Qe7 20. b3 Rad8 21. Rbd1
Bc3 22. Re3 Bd4 23. Ree1 Bc3 24. Re3 Bd4 25. Re2 Bc3 26. Re3 1/2-1/2

[Event "3rd ch-GER Internet Blitz Candidates"]
[Site "playchess INT"]
[Date "2005.04.02"]
[Round "8"]
[White "Buchenthal, D."]
[Black "Zimmermann, J."]
[Result "0-1"]
[WhiteElo "2258"]
[BlackElo "2335"]
[PlyCount "50"]
[EventDate "2005.04.02"]
[EventType "swiss (blitz)"]
[EventRounds "15"]
[Source "Mark Crowther"]
[SourceDate "2005.04.04"]

1. e4 c5 2. Nf3 d6 3. d4 cxd4 4. Nxd4 Nf6 5. Nc3 a6 6. f4 Nbd7 7. a4 Qc7 8. Bd3
g6 9. Nf3 Bg7 10. O-O b6 11. Qe1 Bb7 12. Kh1 O-O 13. Qh4 Rae8 14. f5 e6 15. Bh6
exf5 16. exf5 Qc6 17. Rf2 Bxh6 18. Qxh6 Ng4 19. Qh4 Nxf2+ 20. Qxf2 Qc5 21. Qh4
Bxf3 22. gxf3 Qe3 23. Rf1 Kg7 24. Nd5 Qe5 25. f6+ Nxf6 0-1

[Event "3rd ch-GER Internet Blitz Candidates"]
[Site "playchess INT"]
[Date "2005.04.02"]
[Round "8"]
[White "Phildius, B."]
[Black "Heyken, E."]
[Result "1-0"]
[WhiteElo "2312"]
[BlackElo "2331"]
[PlyCount "47"]
[EventDate "2005.04.02"]
[EventType "swiss (blitz)"]
[EventRounds "15"]
[Source "Mark Crowther"]
[SourceDate "2005.04.04"]

1. d3 e5 2. h3 g6 3. g4 Bg7 4. Bg2 d5 5. Nc3 Ne7 6. e4 d4 7. Nce2 h5 8. g5 O-O
9. f4 Nbc6 10. Nf3 f5 11. gxf6 Bxf6 12. O-O Qd6 13. Qe1 Kh7 14. a3 Be6 15. Qg3
Rae8 16. Bd2 a5 17. Rf2 exf4 18. Bxf4 Ne5 19. Nxe5 Bxe5 20. Bxe5 Qb6 21. Raf1
Rxf2 22. Rxf2 Qxb2 23. Nf4 Bg8 24. Nxh5 1-0

[Event "3rd ch-GER Internet Blitz Candidates"]
[Site "playchess INT"]
[Date "2005.04.02"]
[Round "8"]
[White "Peschlow, P."]
[Black "Brener, I."]
[Result "0-1"]
[WhiteElo "2318"]
[BlackElo "2321"]
[PlyCount "88"]
[EventDate "2005.04.02"]
[EventType "swiss (blitz)"]
[EventRounds "15"]
[Source "Mark Crowther"]
[SourceDate "2005.04.04"]

1. e4 c5 2. Nf3 Nc6 3. d4 cxd4 4. Nxd4 Nf6 5. Nc3 e5 6. Ndb5 d6 7. Bg5 a6 8.
Na3 b5 9. Bxf6 gxf6 10. Nd5 f5 11. c3 Bg7 12. exf5 Bxf5 13. Nc2 O-O 14. Nce3
Be6 15. Bd3 f5 16. O-O Ra7 17. a4 b4 18. Bc4 bxc3 19. bxc3 Kh8 20. Nb6 Bxc4 21.
Nexc4 e4 22. Qxd6 Qxd6 23. Nxd6 Bxc3 24. Rac1 Nd4 25. Kh1 Bb4 26. Ndc8 Rb7 27.
Rc4 Ba5 28. Rxd4 Bxb6 29. Nxb6 Rxb6 30. g3 Kg7 31. Rc1 Rf7 32. Kg2 Rfb7 33. Rc2
Kf6 34. f3 Ke5 35. Rd8 Rb2 36. Rdc8 Rxc2+ 37. Rxc2 e3 38. Kf1 Kd4 39. Ke2 Rb1
40. a5 Rh1 41. Rc6 Rxh2+ 42. Ke1 e2 43. Re6 Kd3 44. Rd6+ Ke3 0-1

[Event "3rd ch-GER Internet Blitz Candidates"]
[Site "playchess INT"]
[Date "2005.04.02"]
[Round "8"]
[White "Renner, Christo"]
[Black "Gramlich, S."]
[Result "1-0"]
[WhiteElo "2398"]
[BlackElo "2064"]
[PlyCount "109"]
[EventDate "2005.04.02"]
[EventType "swiss (blitz)"]
[EventRounds "15"]
[Source "Mark Crowther"]
[SourceDate "2005.04.04"]

1. e4 d5 2. exd5 Nf6 3. d4 Bg4 4. Be2 Bxe2 5. Qxe2 Qxd5 6. Nf3 e6 7. O-O Bd6 8.
c4 Qh5 9. Nc3 Nc6 10. h3 O-O-O 11. Be3 Rhg8 12. Ng5 Qg6 13. b4 h6 14. Nf3 Qh5
15. b5 Nb8 16. c5 Be7 17. c6 b6 18. a4 g5 19. Ne5 Qxe2 20. Nxe2 Rg7 21. Nc3 Bd6
22. Rad1 Nd5 23. Nxd5 exd5 24. f4 f6 25. Ng4 Re8 26. Bc1 gxf4 27. Bxf4 f5 28.
Nxh6 Re2 29. g4 fxg4 30. Nxg4 Bb4 31. Bd2 Bd6 32. Rf2 Re4 33. Bh6 Rg8 34. Rdf1
Kd8 35. Kg2 a6 36. Bf4 Be7 37. Be5 Bh4 38. Rf8+ Rxf8 39. Rxf8+ Ke7 40. Rxb8
axb5 41. axb5 Re2+ 42. Kf3 Rb2 43. Rb7 Rxb5 44. Rxc7+ Ke6 45. Rh7 Rb3+ 46. Ke2
Rb2+ 47. Kd1 Bg5 48. c7 Rb1+ 49. Ke2 Rc1 50. Rh8 Kd7 51. Rg8 Bh4 52. Nh6 Rc2+
53. Kf3 Rc3+ 54. Kg4 Be7 55. Nf5 1-0